|
|
|
|
| LEADER |
00000nab a2200000 a 4500 |
| 001 |
vtls000607606 |
| 003 |
SK-MaSNL |
| 005 |
20260304053605.0 |
| 008 |
160401c1996 xo 0 slo |
| 015 |
|
|
|a SNBRB19rr/mm-uuuuu
|
| 035 |
|
|
|a CL0607745
|
| 040 |
|
|
|a SNKBUCL
|b slo
|c SNKBUCL
|e AACR2
|
| 041 |
0 |
|
|a slo
|
| 044 |
|
|
|a xo
|c SK
|
| 080 |
|
|
|a 323(498):324(498)
|2 1981
|
| 100 |
1 |
|
|a Polakovič, Alexander
|4 aut
|9 272819
|
| 245 |
1 |
0 |
|a Postkomunistická POSR bude bojovať o udržanie moci
|c Alexander Polakovič
|
| 300 |
|
|
|b Fotogr. 2
|
| 650 |
0 |
7 |
|a vnútorná politika
|2 snkbucl
|9 970
|
| 651 |
|
7 |
|a Rumunsko
|2 snkbucl
|9 17409
|
| 655 |
|
7 |
|a články z novín a časopisov
|2 snkbucl
|9 267496
|
| 700 |
1 |
|
|a Iliescu, Ion
|4 aut
|9 453559
|
| 700 |
1 |
|
|a Roman, Petre
|4 aut
|9 1183582
|
| 773 |
0 |
|
|t Národná obroda
|g Roč. 7, č. 256 (2. 11. 1996), s. 6
|
| 850 |
|
|
|a Slovenská národná knižnica v Martine
|a MTA001
|
| 852 |
|
|
|a SNK
|b KIS3GCP
|
| 958 |
|
|
|a RO
|
| 958 |
|
|
|a NX
|
| 958 |
|
|
|a RK
|
| 958 |
|
|
|a RBX
|
| 999 |
|
|
|c 2714149
|d 2716079
|